[Event "DVM U20 2009"]
[Site "Chemnitz GER"]
[Date "2009.12.28"]
[Round "4"]
[White "Huschenbeth, Niclas"]
[Black "Kotainy, Jens"]
[Result "1-0"]
[Termination "normal"]
[Board "1.1"]
[WhiteTitle "IM"]
[WhiteElo "2411"]
[BlackElo "2243"]
[WhiteTeam "Hamburger SK von 1830 eV"]
[BlackTeam "Schachgesellschaft Bochum 1931"]
[PlyCount "75"]
[WhiteFideId "24604747"]
[BlackFideId "24670499"]
[EventCountry "GER"]
[EventRounds "7"]
[EventType "team-swiss"]
[EventDate "2009.12.26"]

1. e4 Nf6 2. e5 Nd5 3. d4 d6 4. Nf3 Nc6 5. c4 Nb6 6. exd6 exd6 7. h3 Be7 8. Be2
O-O 9. O-O Bf5 10. Nc3 Bf6 11. Bf4 Re8 12. Rc1 h6 13. a3 d5 14. c5 Nc8 15. Nb5
Re7 16. Bd3 Be4 17. Bxe4 dxe4 18. d5 Ne5 19. d6 cxd6 20. Nxe5 Bxe5 21. Bxe5
Rxe5 22. Qd4 Qf6 23. Nxd6 Nxd6 24. cxd6 Rd8 25. Rfd1 Re6 26. d7 Qxd4 27. Rxd4
Kf8 28. Rc7 b6 29. Rxa7 Ke7 30. Kf1 f5 31. Ke2 Rd6 32. Ke3 R8xd7 33. Rxd7+ Rxd7
34. Rxd7+ Kxd7 35. h4 g6 36. g3 Ke6 37. Kd4 Kd6 38. a4 1-0

[Event "DVM U20 2009"]
[Site "Chemnitz GER"]
[Date "2009.12.28"]
[Round "4"]
[White "Pilat, Daniel"]
[Black "Carlstedt, Jonathan"]
[Result "0-1"]
[Termination "normal"]
[Board "1.2"]
[WhiteElo "2174"]
[BlackElo "2339"]
[WhiteTeam "Schachgesellschaft Bochum 1931"]
[BlackTeam "Hamburger SK von 1830 eV"]
[PlyCount "104"]
[WhiteFideId "24602116"]
[BlackFideId "24614386"]
[EventCountry "GER"]
[EventRounds "7"]
[EventType "team-swiss"]
[EventDate "2009.12.26"]

1. e4 c5 2. Nc3 Nc6 3. Bb5 Nd4 4. Bc4 e6 5. Nge2 Ne7 6. O-O a6 7. Nxd4 cxd4 8.
Ne2 Nc6 9. d3 Be7 10. Bb3 d6 11. f4 h5 12. a3 h4 13. h3 b5 14. Qe1 Bf6 15. Qf2
Qc7 16. c3 dxc3 17. bxc3 Bb7 18. Be3 Qd7 19. Rad1 Rc8 20. d4 Na5 21. Bc2 g6 22.
f5 exf5 23. e5 Be7 24. exd6 Qxd6 25. d5 Nc4 26. Bf4 Qf6 27. d6 Nxd6 28. Qb6 Bc6
29. Nd4 Nc4 30. Qxa6 O-O 31. Nxc6 Rxc6 32. Qxb5 Nxa3 33. Qe2 Nxc2 34. Qxc2 Rxc3
35. Qe2 Bc5+ 36. Kh1 Qc6 37. Kh2 Re8 38. Qb2 Be3 39. Bxe3 Rc2 40. Qxc2 Qxc2 41.
Rc1 Qa2 42. Bd4 Qe6 43. Ba1 Kh7 44. Rf2 g5 45. Rcf1 f4 46. Kh1 Qc4 47. Kg1 Re2
48. Rxe2 Qxe2 49. Bd4 Kg6 50. Bc5 Kf5 51. Bd6 Qe3+ 52. Kh2 Qd3 0-1

[Event "DVM U20 2009"]
[Site "Chemnitz GER"]
[Date "2009.12.28"]
[Round "4"]
[White "Bracker, Frank"]
[Black "Werthebach, Felix"]
[Result "1/2-1/2"]
[Termination "normal"]
[Board "1.3"]
[WhiteElo "2270"]
[BlackElo "2167"]
[WhiteTeam "Hamburger SK von 1830 eV"]
[BlackTeam "Schachgesellschaft Bochum 1931"]
[PlyCount "114"]
[WhiteFideId "24614343"]
[BlackFideId "24609684"]
[EventCountry "GER"]
[EventRounds "7"]
[EventType "team-swiss"]
[EventDate "2009.12.26"]

1. e4 c5 2. Nf3 e6 3. d4 cxd4 4. Nxd4 Nf6 5. Nc3 d6 6. g4 h6 7. h4 Nc6 8. Rg1
d5 9. exd5 Nxd5 10. Nxd5 Qxd5 11. Bg2 Qe5+ 12. Be3 Bd7 13. Nxc6 Bxc6 14. Bxc6+
bxc6 15. Qd4 Bd6 16. Rd1 Qxd4 17. Bxd4 e5 18. Bc3 O-O-O 19. h5 Be7 20. Ke2 Rhe8
21. Ke3 Bc5+ 22. Ke4 Bd4 23. Rd3 f6 24. Rf1 Bxc3 25. bxc3 Kc7 26. Rb1 Rxd3 27.
cxd3 Rd8 28. Rb4 Rd5 29. Rb2 Rd7 30. Rd2 c5 31. Rb2 a6 32. a4 Rd8 33. a5 Rd6
34. Rb1 c4 35. d4 exd4 36. cxd4 Re6+ 37. Kf5 Rd6 38. Ke4 Re6+ 39. Kd5 Rc6 40.
Re1 Kd7 41. Rc1 c3 42. Rc2 Rc8 43. f3 Rc7 44. Ke4 Rc4 45. Kd3 Ra4 46. Rxc3 Rxa5
47. Ke4 Rb5 48. Rc4 a5 49. Ra4 Ke6 50. Rc4 Kd7 51. Ra4 Kd6 52. Rc4 Rb7 53. Ra4
Ra7 54. Kd3 Kd5 55. Kc3 Rc7+ 56. Kd3 Ra7 57. Kc3 Rc7+ 1/2-1/2

[Event "DVM U20 2009"]
[Site "Chemnitz GER"]
[Date "2009.12.28"]
[Round "4"]
[White "Hobusch, Alexander"]
[Black "Bracker, Arne"]
[Result "1-0"]
[Termination "normal"]
[Board "1.4"]
[WhiteElo "2128"]
[BlackElo "2219"]
[WhiteTeam "Schachgesellschaft Bochum 1931"]
[BlackTeam "Hamburger SK von 1830 eV"]
[PlyCount "119"]
[WhiteFideId "24611387"]
[BlackFideId "24618160"]
[EventCountry "GER"]
[EventRounds "7"]
[EventType "team-swiss"]
[EventDate "2009.12.26"]

1. d4 Nf6 2. Nf3 g6 3. c4 Bg7 4. Nc3 O-O 5. e4 d6 6. Be2 e5 7. Be3 Ng4 8. Bg5
f6 9. Bc1 Nc6 10. d5 Nd4 11. Nxd4 exd4 12. Nb5 f5 13. exf5 a6 14. Bxg4 axb5 15.
cxb5 Qe8+ 16. Be2 Bxf5 17. O-O Be4 18. Bc4 Qf7 19. Qb3 Rae8 20. f3 d3 21. Be3
Bf5 22. Bf2 Re2 23. Rab1 Rfe8 24. Bxd3 Bxd3 25. Qxd3 Bxb2 26. Rfe1 Qe7 27. Rxe2
Qxe2 28. Qb3 Be5 29. Re1 Qd2 30. Qc4 Rf8 31. Re2 Qd1+ 32. Re1 Qd2 33. h3 Rf7
34. Re2 Qd1+ 35. Re1 Qd2 36. Re2 Qd1+ 37. Re1 Qd2 38. a4 Kg7 39. Kf1 Qa5 40.
Bd4 Rf4 41. Rxe5 Rxd4 42. Re7+ Kf8 43. Qxd4 Kxe7 44. Qg7+ Kd8 45. Qf8+ Kd7 46.
Qf7+ Kd8 47. Qg8+ Kd7 48. Qg7+ Kd8 49. Qh8+ Ke7 50. Qxh7+ Kf6 51. Qh4+ Kf7 52.
Qf4+ Ke7 53. Qe4+ Kf7 54. Qf4+ Ke7 55. Qd4 Kf7 56. Kf2 Qa8 57. h4 b6 58. g4 Qd8
59. Kg3 Qe8 60. Qe4 1-0

[Event "DVM U20 2009"]
[Site "Chemnitz GER"]
[Date "2009.12.28"]
[Round "4"]
[White "Colpe, Malte"]
[Black "Tkachuk, Konstantyn"]
[Result "0-1"]
[Termination "normal"]
[Board "1.5"]
[WhiteElo "2160"]
[BlackElo "2156"]
[WhiteTeam "Hamburger SK von 1830 eV"]
[BlackTeam "Schachgesellschaft Bochum 1931"]
[PlyCount "144"]
[WhiteFideId "24623075"]
[BlackFideId "24647330"]
[EventCountry "GER"]
[EventRounds "7"]
[EventType "team-swiss"]
[EventDate "2009.12.26"]

1. d4 Nf6 2. c4 g6 3. Nc3 Bg7 4. e4 d6 5. Nf3 O-O 6. Be2 e5 7. O-O Nc6 8. d5
Ne7 9. Ne1 Ne8 10. Be3 f5 11. f3 f4 12. Bf2 g5 13. c5 Rf7 14. Rc1 Ng6 15. Nb5
a6 16. Na3 Bf8 17. Nc4 h5 18. cxd6 cxd6 19. Nb6 Rb8 20. Nd3 Nh4 21. Qb3 Bd7 22.
Nxd7 Qxd7 23. Bxh4 gxh4 24. Nf2 Rc8 25. Rc3 Rxc3 26. Qxc3 Qd8 27. Bd1 Rc7 28.
Qa5 Be7 29. Nd3 Qc8 30. Bb3 Kh8 31. Qd2 Bd8 32. Kh1 Rg7 33. Rc1 Bc7 34. h3 Qd8
35. Qc3 Nf6 36. Ba4 Kh7 37. Qe1 Ng8 38. Qc3 Nf6 39. Qe1 Ng8 40. Qb4 Bb6 41. Rc2
Ba5 42. Qa3 Rc7 43. b4 Rxc2 44. Bxc2 Bb6 45. Nxf4 exf4 46. e5+ Kh8 47. Qd3 Qe7
48. Qg6 Bf2 49. Qxh5+ Kg7 50. Qg4+ Kf8 51. Qc8+ Qe8 52. Qf5+ Qf7 53. Qc8+ Kg7
54. Qg4+ Kh6 55. exd6 Qf6 56. Qe6 Bb6 57. Qe4 Kg7 58. Qh7+ Kf8 59. Qf5 Qxf5 60.
Bxf5 a5 61. b5 Bc5 62. d7 Ke7 63. g4 fxg3 64. Kg2 Nf6 65. Be6 Nxd7 66. f4 Nf6
67. b6 Bxb6 68. Bc8 Bc7 69. Bxb7 Bxf4 70. Kf3 Kd6 71. a4 Nxd5 72. Bxd5 Kxd5 0-1

[Event "DVM U20 2009"]
[Site "Chemnitz GER"]
[Date "2009.12.28"]
[Round "4"]
[White "Kelbling, Philipp"]
[Black "Lampert, Jonas"]
[Result "1/2-1/2"]
[Termination "normal"]
[Board "1.6"]
[WhiteElo "2116"]
[BlackElo "2111"]
[WhiteTeam "Schachgesellschaft Bochum 1931"]
[BlackTeam "Hamburger SK von 1830 eV"]
[PlyCount "69"]
[WhiteFideId "24669750"]
[BlackFideId "1303759"]
[EventCountry "GER"]
[EventRounds "7"]
[EventType "team-swiss"]
[EventDate "2009.12.26"]

1. e4 c5 2. Nf3 d6 3. Bb5+ Bd7 4. Bxd7+ Qxd7 5. O-O e6 6. c4 Nc6 7. d4 cxd4 8.
Nxd4 g6 9. Be3 a6 10. Nc3 Bg7 11. f3 Nge7 12. Nde2 O-O 13. Qd2 Ne5 14. b3 b5
15. cxb5 axb5 16. Rac1 d5 17. Rfd1 Rfd8 18. a4 dxe4 19. Qxd7 Rxd7 20. Rxd7 Nxd7
21. Nxb5 exf3 22. gxf3 Ne5 23. Kg2 Nd5 24. Bd4 Nd3 25. Rb1 Bxd4 26. Nbxd4 Kf8
27. Kg3 Ke8 28. Rd1 N3b4 29. Nb5 Ra5 30. h4 h5 31. Rc1 Kd7 32. Rd1 Ke7 33. Rc1
Kd7 34. Rd1 Ke7 35. Rc1 1/2-1/2

[Event "DVM U20 2009"]
[Site "Chemnitz GER"]
[Date "2009.12.28"]
[Round "4"]
[White "Seyb, Alexander"]
[Black "Billing, Christian"]
[Result "1/2-1/2"]
[Termination "normal"]
[Board "2.1"]
[WhiteElo "2265"]
[BlackElo "2226"]
[WhiteTeam "FSV Großenseebach"]
[BlackTeam "SC Dillingen"]
[PlyCount "63"]
[WhiteFideId "4699033"]
[BlackFideId "4697294"]
[EventCountry "GER"]
[EventRounds "7"]
[EventType "team-swiss"]
[EventDate "2009.12.26"]

1. e4 e6 2. d4 d5 3. Nc3 dxe4 4. Nxe4 Bd7 5. Nf3 Bc6 6. Bd3 Nd7 7. O-O Ngf6 8.
Ned2 Be7 9. c4 O-O 10. b3 Bxf3 11. Nxf3 c5 12. Bb2 cxd4 13. Nxd4 Qb6 14. Qe2
Rfd8 15. Rad1 a6 16. g3 Nf8 17. Nf5 exf5 18. Qxe7 Re8 19. Qa3 Ne4 20. Bc1 Rad8
21. Be3 Qc6 22. Qa5 Qf6 23. Bxe4 Rxd1 24. Rxd1 fxe4 25. Qg5 Qxg5 26. Bxg5 Ne6
27. Be3 Rd8 28. Rxd8+ Nxd8 29. f3 exf3 30. Kf2 f5 31. Kxf3 Kf7 32. a3 1/2-1/2

[Event "DVM U20 2009"]
[Site "Chemnitz GER"]
[Date "2009.12.28"]
[Round "4"]
[White "Linsenmeyer, Mario"]
[Black "Giss, Arthur"]
[Result "1/2-1/2"]
[Termination "normal"]
[Board "2.3"]
[WhiteElo "2097"]
[BlackElo "2027"]
[WhiteTeam "FSV Großenseebach"]
[BlackTeam "SC Dillingen"]
[PlyCount "70"]
[WhiteFideId "24635138"]
[BlackFideId "24667560"]
[EventCountry "GER"]
[EventRounds "7"]
[EventType "team-swiss"]
[EventDate "2009.12.26"]

1. e4 c5 2. Nf3 d6 3. d4 cxd4 4. Nxd4 Nf6 5. Nc3 a6 6. Bc4 e6 7. Bb3 Be7 8. Qf3
O-O 9. Bg5 Bd7 10. O-O-O Qc7 11. Rhe1 Nc6 12. Qg3 Rfd8 13. Nf5 exf5 14. Bxf6
Bxf6 15. Nd5 Bxb2+ 16. Kxb2 Qa5 17. f4 Kh8 18. Re3 Be6 19. Qg5 fxe4 20. f5 f6
21. Qh5 Bxd5 22. Rxd5 Qc7 23. Rxe4 h6 24. g4 Rac8 25. g5 fxg5 26. h4 gxh4 27.
f6 Ne5 28. c4 Rf8 29. Rf4 Rxf6 30. Rxf6 gxf6 31. Qxh6+ Qh7 32. Qxf6+ Qg7 33.
Qxh4+ Kg8 34. Qd4 Nxc4+ 35. Bxc4 Rxc4 1/2-1/2

[Event "DVM U20 2009"]
[Site "Chemnitz GER"]
[Date "2009.12.28"]
[Round "4"]
[White "Darr, Thomas"]
[Black "Quaschner, Tobias"]
[Result "1/2-1/2"]
[Termination "normal"]
[Board "2.4"]
[WhiteElo "1987"]
[BlackElo "1962"]
[WhiteTeam "SC Dillingen"]
[BlackTeam "FSV Großenseebach"]
[PlyCount "60"]
[WhiteFideId "24647403"]
[BlackFideId "24646989"]
[EventCountry "GER"]
[EventRounds "7"]
[EventType "team-swiss"]
[EventDate "2009.12.26"]

1. Nf3 c5 2. c4 b6 3. g3 Bb7 4. Bg2 Nf6 5. O-O e6 6. Nc3 a6 7. Re1 d6 8. d4
cxd4 9. Nxd4 Bxg2 10. Kxg2 Qc7 11. Qd3 Nbd7 12. b3 Be7 13. Bb2 O-O 14. Rad1
Rac8 15. e4 Rfd8 16. h3 Ne8 17. Qe3 Qb7 18. Kh2 Nc7 19. Qe2 Nb8 20. Qg4 Bf8 21.
h4 Nc6 22. Nxc6 Qxc6 23. h5 Ne8 24. Rc1 h6 25. Ne2 Be7 26. Nf4 Bf6 27. Bxf6
Nxf6 28. Qe2 Kf8 29. Kg1 Qc5 30. Kg2 Qc6 1/2-1/2

[Event "DVM U20 2009"]
[Site "Chemnitz GER"]
[Date "2009.12.28"]
[Round "4"]
[White "Kirch, Daniel"]
[Black "Grünke, Paul"]
[Result "1/2-1/2"]
[Termination "normal"]
[Board "2.5"]
[WhiteElo "2050"]
[BlackElo "2107"]
[WhiteTeam "FSV Großenseebach"]
[BlackTeam "SC Dillingen"]
[PlyCount "83"]
[WhiteFideId "24605786"]
[BlackFideId "24647802"]
[EventCountry "GER"]
[EventRounds "7"]
[EventType "team-swiss"]
[EventDate "2009.12.26"]

1. d4 Nf6 2. c4 g6 3. Nc3 Bg7 4. e4 O-O 5. Nf3 d6 6. Be2 e5 7. Be3 Ng4 8. Bg5
f6 9. Bc1 Nc6 10. d5 Ne7 11. h3 Nh6 12. h4 f5 13. Ng5 fxe4 14. g4 Nf7 15. Ncxe4
h6 16. Nh3 c6 17. Be3 cxd5 18. cxd5 Qa5+ 19. Nc3 Bd7 20. Qb3 Rab8 21. O-O-O
Rfc8 22. Kb1 b5 23. Ne4 b4 24. Bc4 Bxg4 25. Qd3 Bxd1 26. Rxd1 Nf5 27. h5 Nxe3
28. fxe3 g5 29. Nhf2 Qc7 30. b3 Qd7 31. Ng3 Rf8 32. Nfe4 Nd8 33. Qe2 Nb7 34.
Bb5 Qe7 35. Qg4 Rf7 36. Nf5 Qc7 37. Rc1 Qb6 38. Bd7 Rxd7 39. Nxh6+ Bxh6 40.
Nf6+ Kg7 41. Qxd7+ Kf8 42. Nh7+ 1/2-1/2

[Event "DVM U20 2009"]
[Site "Chemnitz GER"]
[Date "2009.12.28"]
[Round "4"]
[White "Schwarz, Andreas"]
[Black "Kirch, Florian"]
[Result "0-1"]
[Termination "normal"]
[Board "2.6"]
[WhiteElo "1925"]
[BlackElo "1989"]
[WhiteTeam "SC Dillingen"]
[BlackTeam "FSV Großenseebach"]
[PlyCount "70"]
[WhiteFideId "24631795"]
[BlackFideId "24605794"]
[EventCountry "GER"]
[EventRounds "7"]
[EventType "team-swiss"]
[EventDate "2009.12.26"]

1. e4 Nf6 2. e5 Nd5 3. c4 Nb6 4. d4 d6 5. exd6 exd6 6. Nc3 Be7 7. Be3 Nc6 8.
Rc1 O-O 9. b3 Bf6 10. Be2 Re8 11. Nf3 Bg4 12. O-O d5 13. c5 Nc8 14. h3 Be6 15.
Qd2 N8e7 16. Bd3 Nf5 17. Bxf5 Bxf5 18. Ne2 Qd7 19. Ng3 Be4 20. Ng5 Bg6 21. Nf3
Be4 22. Ng5 Bg6 23. Nf3 h6 24. Qc3 h5 25. h4 Qg4 26. b4 a6 27. a4 Bxh4 28. Nxh4
Qxh4 29. b5 axb5 30. axb5 Ne7 31. Ra1 Qg4 32. Rxa8 Rxa8 33. Ra1 Rxa1+ 34. Qxa1
h4 35. Nh1 Be4 0-1

[Event "DVM U20 2009"]
[Site "Chemnitz GER"]
[Date "2009.12.28"]
[Round "4"]
[White "Zelbel, Patrick"]
[Black "Döring, Andreas"]
[Result "1-0"]
[Termination "normal"]
[Board "3.1"]
[WhiteTitle "FM"]
[WhiteElo "2346"]
[BlackElo "1973"]
[WhiteTeam "Schachfreunde Brackel 1930 e.V."]
[BlackTeam "SC Tamm 74"]
[PlyCount "81"]
[WhiteFideId "24624322"]
[BlackFideId "24621030"]
[EventCountry "GER"]
[EventRounds "7"]
[EventType "team-swiss"]
[EventDate "2009.12.26"]

1. e4 e6 2. d4 d5 3. Nd2 Nc6 4. Ngf3 Nf6 5. e5 Nd7 6. Nb3 f6 7. Bb5 a6 8. Bxc6
bxc6 9. Bf4 fxe5 10. Bxe5 Nf6 11. c3 Bd6 12. O-O O-O 13. Re1 Ne4 14. Nbd2 Bxe5
15. Nxe4 Bd6 16. Nc5 Qf6 17. Qd2 Bxc5 18. dxc5 Bd7 19. Re5 Qf4 20. Qd4 Rf6 21.
Qxf4 Rxf4 22. Nd4 Rf6 23. b4 a5 24. g3 axb4 25. cxb4 Ra3 26. b5 cxb5 27. c6 Be8
28. Nxb5 Raf3 29. Rc1 Rxf2 30. Nxc7 Bxc6 31. Rxc6 Rxa2 32. Nxe6 Ra1+ 33. Kg2
Ra2+ 34. Kh3 Rh6+ 35. Kg4 Ra4+ 36. Kf3 Rxh2 37. Re3 Ra7 38. Rc8+ Kf7 39. Nd8+
Kf6 40. Rc6+ Kf5 41. g4+ 1-0

[Event "DVM U20 2009"]
[Site "Chemnitz GER"]
[Date "2009.12.28"]
[Round "4"]
[White "Schäfer, Alexander"]
[Black "Strathoff, Jens"]
[Result "1-0"]
[Termination "normal"]
[Board "3.2"]
[WhiteElo "2073"]
[BlackElo "2075"]
[WhiteTeam "SC Tamm 74"]
[BlackTeam "Schachfreunde Brackel 1930 e.V."]
[PlyCount "67"]
[WhiteFideId "24615196"]
[BlackFideId "4699084"]
[EventCountry "GER"]
[EventRounds "7"]
[EventType "team-swiss"]
[EventDate "2009.12.26"]

1. e4 e5 2. Nf3 Nc6 3. Bb5 a6 4. Ba4 Nf6 5. O-O b5 6. Bb3 Be7 7. Re1 d6 8. c3
Na5 9. Bc2 c5 10. d4 Qc7 11. h3 O-O 12. Nbd2 Re8 13. Nf1 Bf8 14. Bg5 Nd7 15.
Ne3 f6 16. Bh4 Bb7 17. Nd5 Qd8 18. dxe5 dxe5 19. Nh2 Nb6 20. Qh5 g6 21. Qf3
Nxd5 22. exd5 Bxd5 23. Bxf6 Bxf3 24. Bxd8 Raxd8 25. Nxf3 Bg7 26. Rad1 Nc6 27.
Be4 Rxd1 28. Rxd1 Nd8 29. Rd6 a5 30. Ra6 a4 31. Ra5 Bf6 32. Rxb5 Ne6 33. Bd5
Kg7 34. Rb7+ 1-0

[Event "DVM U20 2009"]
[Site "Chemnitz GER"]
[Date "2009.12.28"]
[Round "4"]
[White "Kartsev, Alexandr"]
[Black "Lange, Jan-David"]
[Result "1/2-1/2"]
[Termination "normal"]
[Board "3.3"]
[WhiteElo "2056"]
[BlackElo "2118"]
[WhiteTeam "Schachfreunde Brackel 1930 e.V."]
[BlackTeam "SC Tamm 74"]
[PlyCount "112"]
[WhiteFideId "24647110"]
[BlackFideId "24614963"]
[EventCountry "GER"]
[EventRounds "7"]
[EventType "team-swiss"]
[EventDate "2009.12.26"]

1. d4 Nf6 2. Bg5 g6 3. Bxf6 exf6 4. c4 Bg7 5. Nc3 O-O 6. g3 c5 7. d5 d6 8. e3
a6 9. Nge2 f5 10. Bg2 b5 11. a3 bxc4 12. Qa4 Nd7 13. Qxc4 Ne5 14. Qb3 c4 15.
Qc2 Nd3+ 16. Kf1 a5 17. Nf4 Qb6 18. Na4 Qb5 19. Rb1 Nxf4 20. Nc3 Bxc3 21. bxc3
Qc5 22. gxf4 Qxa3 23. Ke2 Bd7 24. Qb2 Qxb2+ 25. Rxb2 Rfb8 26. Rhb1 Rxb2+ 27.
Rxb2 a4 28. Kd2 a3 29. Ra2 Kf8 30. Bf1 Bb5 31. f3 Ke7 32. e4 h6 33. Ke3 g5 34.
e5 Ra5 35. fxg5 hxg5 36. f4 dxe5 37. fxe5 f6 38. e6 Kd6 39. Kd4 Ba6 40. Bg2 g4
41. Re2 Ke7 42. Ra2 f4 43. Ke4 f3 44. Bf1 Kd6 45. Kf4 Kxd5 46. e7 Bb5 47. Kxg4
Kd6 48. Kxf3 Kxe7 49. Ke4 Kd6 50. Kd4 Ba6 51. Bg2 Bc8 52. h4 Bg4 53. Bf1 Bh5
54. Bxc4 Ra4 55. Rf2 Ke7 56. Kc5 Bf7 1/2-1/2

[Event "DVM U20 2009"]
[Site "Chemnitz GER"]
[Date "2009.12.28"]
[Round "4"]
[White "Schäfer, Daniela"]
[Black "Strathoff, Martin"]
[Result "1/2-1/2"]
[Termination "normal"]
[Board "3.4"]
[WhiteElo "1897"]
[BlackElo "2047"]
[WhiteTeam "SC Tamm 74"]
[BlackTeam "Schachfreunde Brackel 1930 e.V."]
[PlyCount "52"]
[WhiteFideId "4624769"]
[BlackFideId "24609560"]
[EventCountry "GER"]
[EventRounds "7"]
[EventType "team-swiss"]
[EventDate "2009.12.26"]

1. e4 c5 2. Nf3 d6 3. d4 cxd4 4. Nxd4 Nf6 5. Nc3 a6 6. Be2 e5 7. Nf3 b5 8. Bg5
Be7 9. Bxf6 Bxf6 10. O-O O-O 11. a4 b4 12. Nd5 Bb7 13. Qd3 Nd7 14. Rfd1 Nc5 15.
Nxf6+ Qxf6 16. Qxd6 Qxd6 17. Rxd6 Bxe4 18. Nxe5 Bxc2 19. Nc6 b3 20. Nb4 a5 21.
Nxc2 bxc2 22. Rc1 Nxa4 23. Rxc2 Rab8 24. Ra6 Nxb2 25. Rxa5 Rfc8 26. Rxc8+ Rxc8
1/2-1/2

[Event "DVM U20 2009"]
[Site "Chemnitz GER"]
[Date "2009.12.28"]
[Round "4"]
[White "Zemella, Christian"]
[Black "Kaiser, Sören"]
[Result "1-0"]
[Termination "normal"]
[Board "3.5"]
[WhiteElo "2081"]
[BlackElo "1804"]
[WhiteTeam "Schachfreunde Brackel 1930 e.V."]
[BlackTeam "SC Tamm 74"]
[PlyCount "68"]
[WhiteFideId "24620580"]
[BlackFideId "24669628"]
[EventCountry "GER"]
[EventRounds "7"]
[EventType "team-swiss"]
[EventDate "2009.12.26"]

1. e4 g6 2. d4 Bg7 3. Nc3 d6 4. Be3 a6 5. f4 Nd7 6. Nf3 c5 7. dxc5 dxc5 8. e5
e6 9. Ne4 Qc7 10. Nd6+ Ke7 11. Ng5 Nh6 12. Qf3 f6 13. Nxe6 Kxe6 14. Bc4+ Ke7
15. Qd5 Nb6 16. Qxc5 Qxc5 17. Bxc5 Nxc4 18. Nxc4+ Ke6 19. Nb6 Bd7 20. O-O-O Bc6
21. Nxa8 Rxa8 22. exf6 Bxf6 23. Rhg1 Rc8 24. g4 g5 25. h4 gxf4 26. Rge1+ Be5
27. Rd6+ Kf7 28. Rxe5 Nxg4 29. Rf5+ Ke8 30. Re6+ Kd8 31. Rf7 Bd7 32. Bb6+ Rc7
33. Rf8+ Be8 34. Rfxe8+ Kd7 1-0

[Event "DVM U20 2009"]
[Site "Chemnitz GER"]
[Date "2009.12.28"]
[Round "4"]
[White "Döring, Stefan"]
[Black "Haidar, Marcel"]
[Result "0-1"]
[Termination "normal"]
[Board "3.6"]
[WhiteElo "1552"]
[BlackElo "1828"]
[WhiteTeam "SC Tamm 74"]
[BlackTeam "Schachfreunde Brackel 1930 e.V."]
[PlyCount "53"]
[WhiteFideId "1272047"]
[EventCountry "GER"]
[EventRounds "7"]
[EventType "team-swiss"]
[EventDate "2009.12.26"]

1. d4 d5 2. c4 e6 3. Nf3 c6 4. e3 Bd6 5. Bd3 f5 6. Qc2 Nf6 7. cxd5 cxd5 8. Nc3
Nc6 9. a3 O-O 10. Bd2 Bd7 11. O-O Be8 12. Ng5 Bxh2+ 13. Kh1 Ng4 14. f4 h6 15.
Nf3 Bg3 16. Kg1 Rc8 17. Qd1 Bh5 18. Ne2 Bh4 19. Qb3 Rc7 20. Bb5 a6 21. Bxc6
Rxc6 22. Qxb7 Rb6 23. Qa7 Rf7 24. Qxf7+ Kxf7 25. Ba5 Nxe3 26. Rfc1 Bxf3 27. Rc6
0-1

[Event "DVM U20 2009"]
[Site "Chemnitz GER"]
[Date "2009.12.28"]
[Round "4"]
[White "Fox, Daniel"]
[Black "Brüggemann, Florian"]
[Result "1-0"]
[Termination "normal"]
[Board "4.1"]
[WhiteElo "2118"]
[BlackElo "2030"]
[WhiteTeam "Brackweder SK von 1924"]
[BlackTeam "SG Aufbau Elbe Magdeburg"]
[PlyCount "43"]
[WhiteFideId "24623172"]
[BlackFideId "24645567"]
[EventCountry "GER"]
[EventRounds "7"]
[EventType "team-swiss"]
[EventDate "2009.12.26"]

1. e4 c5 2. c3 Nf6 3. e5 Nd5 4. d4 cxd4 5. Nf3 Nc6 6. Bc4 e6 7. cxd4 d6 8. O-O
dxe5 9. dxe5 Bc5 10. Qe2 Na5 11. Bg5 Qc7 12. Bxd5 exd5 13. Rc1 Qb6 14. Nc3 Qc6
15. Nxd5 Qxd5 16. Rd1 Qxd1+ 17. Rxd1 O-O 18. Qb5 Bb6 19. Be7 Bf5 20. Bxf8 Rxf8
21. b4 Nc6 22. a4 1-0

[Event "DVM U20 2009"]
[Site "Chemnitz GER"]
[Date "2009.12.28"]
[Round "4"]
[White "Paul, Johannes"]
[Black "Fox, Jonas"]
[Result "1-0"]
[Termination "normal"]
[Board "4.2"]
[WhiteElo "2142"]
[BlackElo "2031"]
[WhiteTeam "SG Aufbau Elbe Magdeburg"]
[BlackTeam "Brackweder SK von 1924"]
[PlyCount "59"]
[WhiteFideId "24622087"]
[BlackFideId "24667056"]
[EventCountry "GER"]
[EventRounds "7"]
[EventType "team-swiss"]
[EventDate "2009.12.26"]

1. c4 Nf6 2. Nf3 g6 3. g3 Bg7 4. Bg2 O-O 5. O-O d6 6. Nc3 Nc6 7. d3 e5 8. Bg5
h6 9. Bxf6 Bxf6 10. Rb1 a5 11. a3 Be6 12. b4 axb4 13. axb4 Qd7 14. b5 Nd8 15.
Qb3 Bg7 16. Nd5 f5 17. Nd2 Nf7 18. e3 g5 19. f4 h5 20. b6 c6 21. Nc7 Rab8 22.
Nf3 Bf6 23. d4 e4 24. d5 exf3 25. dxe6 fxg2 26. exd7 gxf1=Q+ 27. Rxf1 Rfd8 28.
Qd3 gxf4 29. Qxf5 Kg7 30. Ne6+ 1-0

[Event "DVM U20 2009"]
[Site "Chemnitz GER"]
[Date "2009.12.28"]
[Round "4"]
[White "Ehrlich, Tim"]
[Black "Schulz, Marcel"]
[Result "1-0"]
[Termination "normal"]
[Board "4.3"]
[WhiteElo "1977"]
[BlackElo "1867"]
[WhiteTeam "Brackweder SK von 1924"]
[BlackTeam "SG Aufbau Elbe Magdeburg"]
[PlyCount "59"]
[WhiteFideId "24666548"]
[BlackFideId "1270585"]
[EventCountry "GER"]
[EventRounds "7"]
[EventType "team-swiss"]
[EventDate "2009.12.26"]

1. d4 f5 2. c4 Nf6 3. Nc3 g6 4. g3 Bg7 5. Bg2 O-O 6. e3 d6 7. Nf3 Qe8 8. d5 a5
9. O-O Na6 10. Nd4 Bd7 11. b3 c6 12. Bb2 Nc7 13. Qd2 Ra7 14. h4 Ng4 15. Rad1
Ne5 16. Rfe1 a4 17. f4 Ng4 18. e4 c5 19. Nf3 a3 20. Ba1 b5 21. e5 dxe5 22. Nxe5
Nxe5 23. fxe5 bxc4 24. bxc4 Qd8 25. d6 Ne6 26. Nd5 exd6 27. Nf6+ Bxf6 28. exf6
Ra6 29. Bd5 Qc8 30. Qe3 1-0

[Event "DVM U20 2009"]
[Site "Chemnitz GER"]
[Date "2009.12.28"]
[Round "4"]
[White "Rickmann, David"]
[Black "Rücker, Bastian"]
[Result "0-1"]
[Termination "normal"]
[Board "4.4"]
[WhiteElo "1895"]
[BlackElo "1875"]
[WhiteTeam "SG Aufbau Elbe Magdeburg"]
[BlackTeam "Brackweder SK von 1924"]
[PlyCount "70"]
[WhiteFideId "24657360"]
[BlackFideId "24682381"]
[EventCountry "GER"]
[EventRounds "7"]
[EventType "team-swiss"]
[EventDate "2009.12.26"]

1. e4 c5 2. Nc3 d6 3. g3 g6 4. Bg2 Bg7 5. f4 e6 6. Nf3 Nc6 7. O-O Nge7 8. d3
O-O 9. Be3 Nd4 10. Kh1 a6 11. Bg1 Nxf3 12. Rxf3 b5 13. Rb1 Bb7 14. Rf1 f5 15.
d4 b4 16. Ne2 fxe4 17. dxc5 d5 18. Nd4 Qd7 19. Qd2 a5 20. c3 Bc6 21. cxb4 axb4
22. Qxb4 Rfb8 23. Qc3 Rxa2 24. b4 Ra4 25. Qd2 Nf5 26. Nc2 d4 27. b5 Rxb5 28.
Rxb5 Bxb5 29. Re1 e3 30. Qd1 Bc6 31. Qd3 e5 32. Qb3+ Kf8 33. Qb8+ Ke7 34. g4
Bxg2+ 35. Kxg2 Qd5+ 0-1